Thermal Engineering (Record no. 5614)

MARC details
000 -LEADER
fixed length control field 00376nam a2200169Ia 4500
008 - FIXED-LENGTH DATA ELEMENTS--GENERAL INFORMATION
fixed length control field 221030s9999 xx 000 0 und d
020 ## - INTERNATIONAL STANDARD BOOK NUMBER
ISBN 8170088348
041 ## - LANGUAGE CODE
Language code of text/sound track or separate title
082 ## - DEWEY DECIMAL CLASSIFICATION NUMBER
Classification number 105.23
100 ## - MAIN ENTRY--AUTHOR NAME
Personal name R. K. Rajput
245 #0 - TITLE STATEMENT
Title Thermal Engineering
250 ## - EDITION STATEMENT
Edition statement 6th
260 ## - PUBLICATION, DISTRIBUTION, ETC. (IMPRINT)
Name of publisher Laxmi Pub.
Place of publication New Delhi
Year of publication 2008
300 ## - PHYSICAL DESCRIPTION
Number of Pages 1671
650 ## - SUBJECT ADDED ENTRY--TOPICAL TERM
Topical Term Mechanical
942 ## - ADDED ENTRY ELEMENTS (KOHA)
Koha item type Books
Holdings
Accession Number Cost, normal purchase price Full call number Price effective from Koha item type Withdrawn / writtenoff status Materials specified (bound volume or other part) Damaged status Not for loan Permanent Location Current Location Shelving location Date acquired Lost/ Missing status department
BE 9413 650.00 105.23 10/30/2022 Books   Print   Not For Loan MIET Library, Jammu MIET Library, Jammu BL-Second, FL-1, CUP-71, SH-2, R-2 03/14/2008   BE
BE 9414 650.00 105.23 10/30/2022 Books   Print     MIET Library, Jammu MIET Library, Jammu BL-Academic Block C, FL-2, CUP-4, SH-2, R-2 03/14/2008   BE
BE 9415 650.00 105.23 10/30/2022 Books   Print     MIET Library, Jammu MIET Library, Jammu BL-Academic Block C, FL-2, CUP-4, SH-3, R-3 03/14/2008   BE
BE 9416 650.00 105.23 10/30/2022 Books   Print     MIET Library, Jammu MIET Library, Jammu BL-Academic Block C, FL-2, CUP-4, SH-2, R-2 03/14/2008   BE
BE 9417 650.00 105.23 10/30/2022 Books   Print     MIET Library, Jammu MIET Library, Jammu BL-Academic Block C, FL-2, CUP-4, SH-2, R-2 03/14/2008   BE